| 000 | 01916cam a22002054a 4500 | ||
|---|---|---|---|
| 005 | 20250605164203.0 | ||
| 008 | 250528s ||||||||||||||||||||||||d | ||
| 035 | _a19819 | ||
| 040 |
_aGR-AtMCL _bgre _dGR-AtMCL _eAACR2 |
||
| 245 | 1 | _aΔημόσιες Σχέσεις / Έννοια και Περιεχόμενο | |
| 250 | _a1η | ||
| 260 |
_bΕυγ. Μπένου, _c1994 |
||
| 300 | _a140 | ||
| 505 | 0 | _aΠρόλογος, Ορισμός και Ιστορική Εξέλιξη και Στόχοι Δημοσίων Σχέσεων, Υποκείμενα και Αντικείμενα των Δημοσίων Σχέσεων, Διάκριση των Δημοσίων Σχέσεων από τις άλλες μορφές επικοινωνίας, Οργάνωση της Λειτουργίας των Δημοσίων Σχέσεων, Σχεδιασμός και Υλοποίηση Προγράμματος Δημοσίων Σχέσεων, Μέσα Επικοινωνίας και Εκδηλώσεις Δημοσίων Σχέσεων, Ανάλυση Περιστατικών, Βιβλιογραφία. | |
| 520 | _aΠρόλογος, Ορισμός και Ιστορική Εξέλιξη και Στόχοι Δημοσίων Σχέσεων, Υποκείμενα και Αντικείμενα των Δημοσίων Σχέσεων, Διάκριση των Δημοσίων Σχέσεων από τις άλλες μορφές επικοινωνίας, Οργάνωση της Λειτουργίας των Δημοσίων Σχέσεων, Σχεδιασμός και Υλοποίηση Προγράμματος Δημοσίων Σχέσεων, Μέσα Επικοινωνίας και Εκδηλώσεις Δημοσίων Σχέσεων, Ανάλυση Περιστατικών, Βιβλιογραφία. | ||
| 700 | 1 |
_aΠαπαλεξανδρή Νάνσυ _91037 |
|
| 942 | _cBK | ||
| 999 |
_c5066 _d5066 |
||